| 000 | 00903nam a2200277 i 4500 | ||
|---|---|---|---|
| 999 |
_c200449418 _d67630 |
||
| 003 | TR-AnTOB | ||
| 005 | 20220810122212.0 | ||
| 007 | ta | ||
| 008 | 081118b tu 000 0 tur d | ||
| 040 |
_aTR-AnTOB _beng _erda _cTR-AnTOB |
||
| 041 | 0 | _atur | |
| 050 | 1 | 4 |
_aKKX3573 _b.G45 |
| 090 |
_aKKX3573 _b.G45 |
||
| 245 | 0 | 0 | _aGelir üzerinden alınan vergiler. |
| 246 | 3 | 4 | _aTürk vergi kanunları |
| 264 | 1 |
_aAnkara : _bT. C. Maliye Bakanlığı Gelirler Genel Müdürlüğü, _c[date of publication not identified] |
|
| 300 |
_a1 volume (various pagings) , _c27 cm |
||
| 336 |
_atext _btxt _2rdacontent |
||
| 337 |
_aunmediated _bn _2rdamedia |
||
| 338 |
_avolume _bnc _2rdacarrier |
||
| 650 | 7 |
_aGelir vergisi _xHukuk ve mevzuat _zTürkiye _2etuturkob _941498 |
|
| 710 | 1 |
_aTurkey. _bGelirler Genel Müdürlüğü _9138083 |
|
| 942 |
_2lcc _cBK |
||